000 00472nam a2200145Ia 4500
041 _aArabic
082 _a327.730 cut-794 غ
100 _a20260118u\\\\\\\\\\\y0engy0103\\\\ba
100 _aعبدالغفور كريم علي غفور
245 0 _aالسياسة الخارجية الامريكية المعاصرة خيارات وتحديات وانتهاكات
250 _aط1
260 _bمطبعة شهاب
_aاربيل
_c2012
300 _a150
942 _cBk
999 _c190312
_d190312